Физико-химические основы электролиза хлоридов титана в расплавах с растворимым анодом: автореферат диссертации на соискание ученой степени кандидата химических наук

Detalhes bibliográficos
Autor principal: Тишура Т. А.
Autor Corporativo: Академия наук Украинской ССР (АН УССР) Институт общей и неорганической химии
Outros Autores: Марков Б. Ф. (научный руководитель)
Resumo:Защита сост. в марте 1964 г.
Idioma:russo
Publicado em: Киев, [Б. и.], 1963
Assuntos:
Formato: Livro
KOHA link:https://koha.lib.tpu.ru/cgi-bin/koha/opac-detail.pl?biblionumber=323070

MARC

LEADER 00000nam0a2200000 4500
001 323070
005 20231102003533.0
035 |a (RuTPU)RU\TPU\book\348628 
090 |a 323070 
100 |a 20161007d1963 k y0rusy50 ca 
101 0 |a rus 
102 |a UA 
105 |a a dm 001zy 
200 1 |a Физико-химические основы электролиза хлоридов титана в расплавах с растворимым анодом  |e автореферат диссертации на соискание ученой степени кандидата химических наук  |f Т. А. Тишура  |g Академия наук Украинской ССР (АН УССР), Институт общей и неорганической химии ; науч. рук. Б. Ф. Марков 
210 |a Киев  |c [Б. и.]  |d 1963 
215 |a 15 с.  |c ил. 
300 |a Защита сост. в марте 1964 г. 
320 |a Библиогр.: с. 15 (4 назв.) 
606 1 |a Титан  |x Электролитическое получение  |2 stltpush  |3 (RuTPU)RU\TPU\subj\60639  |9 77877 
610 1 |a металловедение 
610 1 |a физико-химические основы 
610 1 |a электролиз 
610 1 |a хлорид титана 
610 1 |a рафинирование 
610 1 |a анодное растворение 
610 1 |a электродные процессы 
610 1 |a поляризация 
610 1 |a высокие температуры 
610 1 |a расплавленные соли 
610 1 |a катодное осаждение 
610 1 |a авторефераты диссертаций 
610 1 |a библиотека А. Г. Стромберга 
675 |a 669.295(04)  |v 3 
700 1 |a Тишура  |b Т. А. 
702 1 |a Марков  |b Б. Ф.  |4 727 
712 0 2 |a Академия наук Украинской ССР (АН УССР)  |b Институт общей и неорганической химии  |2 stltpush  |3 (RuTPU)RU\TPU\col\11826 
801 1 |a RU  |b 63413507  |c 20161007 
801 2 |a RU  |b 63413507  |c 20181103  |g RCR 
942 |c BK